000 00562nam a22001937a 4500
003 OSt
008 251201b |||||||| |||| 00| 0 eng d
082 _a595.78
_bS66S
100 _aSrikant
245 _aStudies on the Seasonal Pattern and Management of Sugarcane Stalk Borer Chilo auricilius Dudgeon (Lepidoptera, Pyrilidae)
260 _a.- Pusa, Samastipur
_b: RAU
_c, 2001
300 _a56p.
650 _aEntomology and Agricultural Zoology
650 _aSugarcane
650 _aStalk Borer
650 _aThesis
650 _aM. Sc.
942 _2ddc
_cT
999 _c49269
_d49269